| 000 | 01367nam a22002417a 4500 | ||
|---|---|---|---|
| 003 | AR-RoUNCS | ||
| 005 | 20260224133654.0 | ||
| 008 | 181211s2012 ag o gr 001 f spa | ||
| 015 | _aAR-2012 | ||
| 020 | _a978-987-1652-98-3 | ||
| 040 |
_aAR-BaBN _bspa _cAR-RoUNCS _eaacr |
||
| 080 | 1 |
_a82-32(477) _22016 |
|
| 100 | 1 |
_aNémirovsky, Irène, _d1903-1942 _eautora _4aut |
|
| 245 | 1 | 3 |
_aEl baile / _cIrène Némirovsky. |
| 250 | _a1a ed. | ||
| 260 |
_aBuenos Aires : _bLa Estación, _c2012. |
||
| 300 |
_a96 p. : _bil. col. ; _c18 cm. |
||
| 520 | 3 | _aEl vínculo entre madre e hija es uno de los ás entrañables y, a la vez, conflictivos entre las relaciones humanas. Desde las antiguas tragedias y mitos griegos, este ha sido uno de los temas predilectos de la literatura universal. En esta novela breve, Irène Némirovsky nos acerca una historia simple y profunda, dónde la búsqueda de la propia identidad y la realización de los deseos de una juven y su madre entran en conflicto durante los preprativos de un baile. Pronto las máscaras de los adultos serán derribadas por la mirada atenta y el accionar intencionado de la muchacha, quien no aceptará ser excluída de un mundo al que todos quieren pertenecer. (Notas del editor). | |
| 650 | 7 |
_2embne _aLiteratura eslava |
|
| 655 | 7 |
_aNovelas cortas _2embne |
|
| 655 | 7 | _aNovelas juveniles | |
| 942 |
_2udc _cOG _n0 |
||
| 999 |
_c911 _d911 |
||